书目信息 |
| 书名: | Lost Lake | |
| 作者: | Phillip Margolin | |
| 分册号: | ||
| 分册名: | 出版地: | New York |
|
| 出版社: | HarperCollins Publishers | |
| 出版时间: | 2005. | |
| 页数: | 323p | |
| 开本: | 22cm | |
| 丛书名: | ||
| 中图分类号: | ||
| 科图分类号: | ||
| 其他分类号: | I712.4 | |
| 主题词: | ||
| 电子资源: | ||
| 000 | 00388nam0 2200145 450 | |
| 001 | 202012001982 | |
| 005 | 20121116110134.0 | |
| 008 | 12111601s | |
| 020 | @a9780060735029@c$25.95 | |
| 099 | @dI712.4@eP557 | |
| 245 | 10 | @aLost Lake @cPhillip Margolin |
| 260 | 0 | @aNew York@bHarperCollins Publishers@c2005. |
| 300 | @a323p@c22cm | |
| 905 | @b11786 | |
| 905 | @aTSG@dI712.4@eP557 | |
| Lost Lake / Phillip Margolin.-New York : HarperCollins Publishers , 2005. |
| 323p ; 22cm |
| ISBN 9780060735029$25.95 |
| ● |
| 相关链接 |
|
|
|
正题名:Lost Lake
索取号:I712.4/P557
 
预约/预借
| 序号 | 登录号 | 条形码 | 馆藏地/架位号 | 状态 | 备注 |